书目信息 |
| 题名: |
中国戏曲曲艺词典
|
|
| 作者: | ;上海艺术研究所 , 中国戏剧家协会上海分会 编 | |
| 分册: | ||
| 出版信息: | 上海 上海辞书出版社 1981 |
|
| 页数: | 823页 | |
| 开本: | 19cm | |
| 丛书名: | ||
| 单 册: | ||
| 中图分类: | J8-61 , J-61 | |
| 科图分类: | ||
| 主题词: | 中国--词典 , 曲艺--中国--词典 , 艺术 | |
| 电子资源: | ||
| ISBN: | ||
| 000 | 00822nam0 2200277 45 | |
| 001 | 1533348301 | |
| 005 | 20150120091716.84 | |
| 010 | @b精装@dCNY4.10 | |
| 091 | @aCN@b17187.43 | |
| 100 | @a19950613d1981 em y0chiy0121 ea | |
| 101 | 0 | @achi |
| 102 | @aCN@b310000 | |
| 105 | @ay e 000yy | |
| 200 | 10 | @a中国戏曲曲艺词典@Azhong guo xi qu qu yi ci dian@f上海艺术研究所,中国戏剧家协会上海分会编 |
| 210 | @a上海@c上海辞书出版社@d1981 | |
| 215 | @a823页@d19cm | |
| 606 | @y中国@x词典 | |
| 606 | @a曲艺@y中国@x词典 | |
| 606 | 0 | @a艺术 |
| 690 | @aJ8-61@v3 | |
| 690 | @aJ-61@v4 | |
| 711 | 02 | @a上海艺术研究所@Ashang hai yi shu yan jiu suo@4编 |
| 711 | 02 | @a中国戏剧家协会上海分会@Azhong guo xi ju jia xie hui shang hai fen hui@4编 |
| 801 | 0 | @aCN@bTSSF@c20150120 |
| 801 | 2 | @aCN@bNLC |
| 905 | @aZUCC@dJ-61@eJY57 | |
| 中国戏曲曲艺词典/上海艺术研究所,中国戏剧家协会上海分会编.-上海:上海辞书出版社,1981 |
| 823页;19cm |
| ISBN (精装):CNY4.10 |
| ● |
| 相关链接 |
|
|
|
|
正题名:中国戏曲曲艺词典
索取号:J-61/JY57
 
预约/预借
| 序号 | 登录号 | 条形码 | 馆藏地/架位号 | 状态 | 备注 |
| 1 | 7836133 | 278361336 | 学院路分馆/ [索取号:J-61/JY57] | 在馆 |